000 01506nam a2200205Ia 4500
999 _c1609
_d1609
020 _a9780071287845 (alk. paper)
020 _a0071287841 (alk. paper)
050 _aHD30.28
_b.D4743
100 1 _aDess, Gregory G.
245 1 0 _aStrategic management :
_btext and cases /
_cGregory G. Dess, G.T. Lumpkin, Alan B. Eisner.
250 _a4th ed.
260 _aBoston :
_bMcGraw-Hill/Irwin,
_c2008.
300 _axxx, 909 p. :
_bcol. ill. ;
_c26 cm.
500 _aIncludes index
505 _aStrategic analysis -- Strategic management: creating competitive advantages -- Analyzing the external environment of the firm -- Assessing the internal environment of the firm -- Recognizing a firm's intellectual assets: moving beyond a firm's tangible resources -- Strategic formulation -- Business-level strategy: creating and sustaining competitive advantages -- Corporate-level strategy: creating value through diversification -- International strategy: creating value in global markets -- Entrepreneurial strategy and competitive dynamics -- Strategic implementation -- Strategic control and corporate governance -- Creating effective organizational designs -- Strategic leadership: creating a learning organization and an ethical organization -- Managing innovation and fostering corporate entrepreneurship -- Case analysis -- Analyzing strategic management cases -- Cases -- Indexes.
650 _aStrategic Planning
700 1 _aLumpkin, G. T.
700 1 _aEisner, Alan B.
942 _cBK